Fr. Conceicao Rodrigues College of Engineering

Using Computer & Applications Software (Record no. 28382)

MARC details
000 -LEADER
fixed length control field 00322nam a2200145Ia 4500
082 ## - DEWEY DECIMAL CLASSIFICATION NUMBER
Classification number 621.38195
100 ## - MAIN ENTRY--PERSONAL NAME
Personal name Ingalbse/ Lon
245 ## - TITLE STATEMENT
Title Using Computer & Applications Software
260 ## - PUBLICATION, DISTRIBUTION, ETC.
Name of publisher, distributor, etc. Maxwell-Macmillan
Place of publication, distribution, etc. New York
Date of publication, distribution, etc. 1991
300 ## - PHYSICAL DESCRIPTION
Extent 23
546 ## - LANGUAGE NOTE
Language note ENGLISH
654 ## - SUBJECT ADDED ENTRY--FACETED TOPICAL TERMS
Focus term Computer
942 ## - ADDED ENTRY ELEMENTS (KOHA)
Koha item type BOOK
Holdings
Withdrawn status Lost status Damaged status Not for loan Collection Home library Current library Shelving location Date acquired Source of acquisition Cost, normal purchase price Total Checkouts Full call number Barcode Date last seen Cost, replacement price Price effective from Koha item type
        CRC Fr. Agnel's C.Rodrigues College of Engineering Fr. Agnel's C.Rodrigues College of Engineering   17/03/2023 Progressive Books 529.54   621.38195 5787 17/03/2023 529.54 17/03/2023 BOOK